[Event "IIFL Wealth  4th Mumbai Junior U-13"]
[Site "Mumbai"]
[Date "2019.01.01"]
[Round "3"]
[White "Srihari L R"]
[Black "Akshit Jha"]
[Result "1-0"]
[WhiteElo "2316"]
[BlackElo "1604"]
[Annotator "TA"]
[PlyCount "145"]
[EventDate "2018.12.30"]
[EventType "swiss"]
[EventCountry "IND"]
[SourceTitle "playchess.com"]
[Source "ChessBase"]
[SourceQuality "1"]

{[%evp 13,144,-3,86,90,87,71,78,78,91,91,87,86,89,89,94,75,87,91,71,68,77,82,97,19,16,7,24,0,59,43,92,84,132,102,161,140,177,125,132,127,132,113,168,132,183,173,193,213,195,153,185,158,393,367,412,413,383,391,393,347,381,332,303,287,269,243,245,243,235,234,228,224,192,187,162,162,296,258,272,256,348,348,342,341,327,327,316,316,316,316,1656,1392,1489,1230,29976,29977,29977,29978,29978,29979,29979,29980,29980,29981,29981,29982,29982,29983,29983,29984,29984,29985,29985,29986,29986,29987,29987,29988,29988,29989,29989,29990,29990,29990,29990,29991,29991,29992,29992,29993,29998,29999,29999]} 1. Nf3 d5 2. c4 c6 3. d4 Nf6 4. Qc2 e6 5. cxd5 exd5 6. Nc3 Bd6 7. Bg5 h6 {LiveBook: 3 Games} (7... O-O $11 {keeps the balance.}) 8. Bxf6 $1 $16 {D35: Queen's Gambit Declined: Exchange Variation} (8. Bh4 Be6 9. e3 Nbd7 10. Bg3 Bxg3 11. hxg3 Rc8 12. b4 a5 {½-½ (12) Jovanic,O (2459)-Bosiocic,M (2552) Trieste 2015}) 8... gxf6 9. g3 Be6 $146 ({Predecessor:} 9... Bg4 10. Nh4 Qd7 11. e3 b5 12. a4 b4 13. Nxd5 Qd8 14. Qe4+ Be6 15. Nf4 Qe7 16. Nxe6 Qxe6 17. Nf5 Kd7 18. Nxd6 Qxd6 19. Bc4 Re8 20. Qf3 Kc7 21. O-O {1-0 (21) Terentiev,V (2395)-Ibrayev,N (2320) Ekaterinburg 1997}) 10. Bg2 {White is better.} Qd7 11. O-O Na6 12. a3 O-O-O 13. b4 Kb8 14. Na4 Ka8 15. Nc5 Nxc5 16. bxc5 Bc7 17. Nh4 Rde8 18. Rfb1 (18. Ra2 $16) 18... f5 $1 $11 19. f4 Bd8 20. Nf3 Bf6 ({Black should play} 20... h5 $11) 21. e3 Reg8 22. Rb3 Rb8 23. Rab1 Rhe8 (23... h5 $16 24. Rb4 Qc7) 24. Bf1 Rg8 25. Qb2 ({Better is} 25. Kf2 $18) 25... Qc7 $16 26. Kf2 Rh8 27. Bd3 Rhg8 (27... h5 $16 28. Qc2 h4) 28. Qc2 Qd7 (28... h5 $16 29. Rb4 (29. Bxf5 Qd7 $16) 29... h4 30. Bxf5 (30. gxh4 Bd8 $16) 30... hxg3+ 31. hxg3 Bxf5 32. Qxf5 Qe7) 29. R1b2 Rgc8 30. Qb1 Rc7 31. Ne1 {[%cal Bf3e1,Be1c2,Bc2b4,Bb4a6][%mdl 32]} Qc8 32. Nc2 b6 $2 {[#]} (32... Qh8 $16 {was called for.} 33. Qe1 Bd8) 33. cxb6 axb6 34. Rxb6 Rxb6 35. Rxb6 Ra7 36. Nb4 Bd7 37. Na6 {[#] Rb8+ would kill now.} Rb7 38. Rxb7 Qxb7 39. Qxb7+ ({Don't do} 39. Bxf5 $6 Qxb1 40. Bxb1 Ka7 $16) 39... Kxb7 $18 {[%mdl 4096] Endgame KBB-KBN} 40. Nc5+ Kc7 41. Nxd7 Kxd7 42. Bxf5+ {KB-KB} Kc7 43. Bg4 Be7 44. a4 {[%cal Ba3a4,Ba4a5][%mdl 32]} Kb6 (44... Bb4 $142 45. Ke2 c5 46. dxc5 Kc6) 45. Bh5 f6 46. Kf3 c5 47. dxc5+ Bxc5 48. Bf7 Kc6 49. a5 d4 50. exd4 Bxd4 51. Bc4 h5 $2 (51... Bg1 52. Bd3 Kd5) 52. h4 Kc5 53. Bd3 f5 54. Bxf5 {White mates.} Kb5 55. Bg6 Kxa5 56. Bxh5 Kb6 57. g4 Kc7 58. g5 Kd8 59. Kg4 Ke7 60. Bg6 Kf8 61. h5 {[%cal Bh4h5,Bh5h6][%mdl 32]} Kg7 62. f5 {[%cal Bf4f5,Bf5f6,Bf6f7][%mdl 32]} Bc3 63. h6+ Kh8 64. f6 Kg8 65. Kf5 Bd2 66. Bh5 Bc1 67. Be2 Bd2 68. Bc4+ Kh8 69. f7 Bb4 70. g6 Bf8 71. g7+ Kh7 72. g8=Q+ Kxh6 73. Qh8# {Accuracy: White = 76%, Black = 33%.} 1-0

[Event "IIFL Wealth  4th Mumbai Junior U-13"]
[Site "Mumbai"]
[Date "2019.01.01"]
[Round "3"]
[White "Aaryan Varshney"]
[Black "Tejes Suresh Kumar"]
[Result "1-0"]
[WhiteElo "2200"]
[BlackElo "1586"]
[Annotator "TA"]
[PlyCount "83"]
[EventDate "2018.12.30"]
[EventType "swiss"]
[EventCountry "IND"]
[SourceTitle "playchess.com"]
[Source "ChessBase"]
[SourceQuality "1"]

{[%evp 24,83,3,-1,-7,-8,-10,-23,0,0,0,0,18,0,8,0,6,0,23,15,20,25,31,30,36,27,39,39,35,33,71,50,112,112,112,105,144,145,143,147,147,147,146,149,240,221,265,263,342,362,351,352,408,387,823,815,1010,810,29977,29978,29977,29978]} 1. d4 d5 2. c4 e6 3. Nc3 Nf6 4. Bg5 Be7 5. e3 O-O 6. Nf3 h6 7. Bh4 Ne4 8. Bxe7 Qxe7 9. cxd5 Nxc3 10. bxc3 exd5 11. Qb3 Rd8 12. c4 Be6 {D57: Queen's Gambit Declined: Lasker Defence: Main line (9 cxd5)} 13. Qxb7 {LiveBook: 4 Games} (13. Rc1 c5 14. dxc5 Qxc5 15. Nd4 Nc6 16. Nxe6 fxe6 17. Be2 d4 18. O-O dxe3 19. fxe3 Ne5 20. Kh1 {0-1 (31) Vachier Lagrave,M (2788)-Caruana,F (2795) chess.com INT 2016}) 13... dxc4 {White must now prevent ...Qa3.} 14. Be2 ({Resist} 14. Qxa8 $6 Qb4+ 15. Nd2 c3 $14) 14... Bd5 $146 {The position is equal.} ({Predecessor:} 14... Nd7 15. O-O Nb6 16. Ne5 Bd5 17. Qa6 c5 18. Qa3 Rac8 19. Bf3 f6 20. Bxd5+ Nxd5 {½-½ (67) Dambrauskas,V (2328)-Sabuk,P (2173) Liberec 2012}) 15. Qb2 Nd7 16. O-O c5 17. Rfd1 Nb6 18. Qa3 Rdc8 19. Rac1 Qf8 20. Rc3 cxd4 21. Nxd4 Qxa3 22. Rxa3 Rc5 23. Rc1 a5 24. f3 Rac8 25. e4 Be6 26. Kf2 c3 27. Ba6 $36 {[%mdl 2048] White is more active.} Rd8 (27... R8c7 $14) 28. Nxe6 $16 fxe6 29. Raxc3 Rxc3 30. Rxc3 {[%mdl 4096] Endgame KRB-KRN} Rd2+ 31. Kg3 Rxa2 {[#]} 32. Rb3 $1 {[%cal Rb3b6]} Nd7 33. Bc4 Kh7 (33... Kf7 $16) 34. Rb7 $18 ({Don't take} 34. Bxe6 $6 Nc5 $16) 34... Rd2 35. Bxe6 Nc5 36. Bf5+ Kg8 37. Rb5 Nd3 38. Rd5 a4 $2 {[#]} (38... Kf7 39. Rxa5 Ne1) 39. e5 a3 40. Rxd3 Rxd3 41. Bxd3 Kf8 42. Bc4 {Precision: White = 82%, Black = 29%.} 1-0

[Event "IIFL Wealth  4th Mumbai Junior U-13"]
[Site "Mumbai"]
[Date "2019.01.01"]
[Round "3"]
[White "Nikhil Magizhnan"]
[Black "Bharadia Yash"]
[Result "1-0"]
[WhiteElo "2148"]
[BlackElo "1559"]
[Annotator "TA"]
[PlyCount "129"]
[EventDate "2018.12.30"]
[EventType "swiss"]
[EventCountry "IND"]
[SourceTitle "playchess.com"]
[Source "ChessBase"]
[SourceQuality "1"]

{[%evp 25,129,45,51,53,68,65,80,80,79,80,166,60,47,62,55,66,73,33,43,42,115,104,128,121,124,131,175,164,165,186,194,116,122,122,146,110,110,116,126,110,125,74,108,73,73,73,77,62,73,73,73,73,73,73,76,69,86,75,106,111,145,145,145,145,145,145,145,97,104,100,112,101,87,93,176,178,180,169,374,378,362,347,380,361,370,354,343,203,491,510,476,272,515,346,470,450,771,731,5628,5197,29974,5059,5047,819,29982,29983]} 1. e4 e5 2. Nf3 Nc6 3. d4 exd4 4. Bc4 Nf6 5. O-O d6 6. Nxd4 Be7 7. Nc3 O-O 8. h3 Re8 9. Re1 Bf8 {C50: Hungarian Defence and Giuoco Pianissimo} 10. Bg5 h6 11. Bh4 Ne5 12. Bb3 Ng6 13. Bg3 a6 {LiveBook: 3 Games} 14. a4 b6 $146 ({Predecessor:} 14... Bd7 15. a5 Rc8 16. Qd2 c5 17. Nf5 {½-½ (17) Benidze,D (2515)-Yilmazyerli,M (2459) Izmir 2017}) 15. Qd3 Bb7 16. Rad1 Qd7 17. Nf5 {Hoping for e5!} Rad8 {[#]} (17... Ne5 $16 18. Bxe5 Rxe5) 18. Nxh6+ (18. e5 $1 $18 {[%mdl 512]} Qc6 (18... dxe5 19. Nxh6+) 19. Nxh6+ $1 {[%mdl 576] Double Attack} Kh7 20. Qf1 gxh6 21. exf6 Rxe1 22. Rxe1) 18... gxh6 $14 19. e5 $1 Nxe5 20. Bxe5 Bg7 $1 21. Bxf6 Bxf6 22. Nd5 $36 {[%mdl 2048] White is more active.} Bxd5 (22... Bg7 $14) 23. Bxd5 $16 c6 24. Qf3 Rxe1+ 25. Rxe1 Be5 26. Bxc6 Qe6 27. Bd5 Qf6 28. Qxf6 (28. Qb3 $18) 28... Bxf6 $18 {[%mdl 4096] Endgame KRB-KRB} 29. c3 a5 30. Re4 Rc8 31. g3 Kf8 32. Kf1 Rc5 33. Bb3 ({White should try} 33. Rf4) 33... b5 34. Kg2 bxa4 35. Bxa4 Rc7 36. Re8+ Kg7 37. Rb8 d5 38. Rb5 d4 39. cxd4 Bxd4 40. Bb3 Rc5 41. Rb7 Rf5 42. f4 Kf8 43. Kf3 Rf6 44. Bd5 Bc5 45. b3 Be7 46. Ke4 Ra6 47. Bc4 Ra8 48. f5 f6 49. Bb5 Bd6 {[#]} (49... Rc8 $16) 50. Rh7 $1 {[%cal Rh7h8]} Rb8 {[#]} 51. Bc4 $1 {Rf7+ is the strong threat.} ({Worse is} 51. Rxh6 Rxb5 52. Rxf6+ Ke7 $15) 51... Bxg3 $2 (51... Be5 {was called for.} 52. Rxh6 a4) 52. Rf7+ {[%mdl 64] Double Attack} Ke8 53. Rxf6 Rb4 {intending ...a4.} 54. Kd5 Bf4 55. Ra6 Bd2 56. Rxa5 (56. f6 $142 Rb8 57. Ke5) 56... Ke7 $2 (56... Rb6 57. Ra7 Be1) 57. Ra6 Rb8 58. Re6+ (58. f6+ $142 Kd8 59. Ke5) 58... Kf7 $2 (58... Kf8 59. Rg6 Ke7) 59. Ke4 {aiming for Rb6+.} Kf8 60. Rd6 Bg5 (60... Bb4 $142) 61. f6 Re8+ 62. Kf5 Rc8 63. Kg6 (63. Rd7 $142 Rc5+ 64. Kg6 Ke8 65. Rd6 Bxf6 66. Kxf6 Rc8 67. h4 Kf8 68. h5) 63... Rb8 64. Rd7 (64. Rd1 $142 Bh4 65. Rd7) 64... Ra8 65. Rh7 {Accuracy: White = 68%, Black = 38%.} 1-0

[Event "IIFL Wealth  4th Mumbai Junior U-13"]
[Site "Mumbai"]
[Date "2019.01.01"]
[Round "3"]
[White "Manish, Kumar"]
[Black "Ratnapriya K"]
[Result "1/2-1/2"]
[WhiteElo "2132"]
[BlackElo "1516"]
[Annotator "TA"]
[PlyCount "86"]
[EventDate "2018.12.30"]
[EventType "swiss"]
[EventCountry "IND"]
[SourceTitle "playchess.com"]
[Source "ChessBase"]
[SourceQuality "1"]

{[%evp 35,86,18,22,-7,-11,-8,-6,-18,0,-8,-7,-36,-44,-73,0,-31,-22,-56,-4,-22,7,7,7,0,7,7,7,-10,0,0,4,4,7,7,0,0,0,0,0,-42,0,0,0,-6,10,0,0,0,0,0,3,2,31]} 1. e4 e5 2. Nf3 Nc6 3. Bb5 {[%cal Bf1b5,Bb5a4,Ba4b3][%mdl 32]} a6 4. Ba4 Nf6 5. O-O Be7 6. Re1 b5 7. Bb3 O-O 8. h3 d6 9. c3 Nb8 10. d4 Nbd7 11. Nbd2 {[%cal Bb1d2,Bd2f1,Bf1g3][%mdl 32]} Bb7 12. Bc2 Re8 13. Nf1 Bf8 14. Ng3 g6 15. b3 c6 16. Bb2 {C95: Closed Ruy Lopez: Breyer Variation with 10 d4} (16. a4 Qc7 17. Bg5 Bg7 18. Qd2 Nf8 19. Bh6 Ne6 20. Bxg7 Kxg7 21. Rad1 Rad8 22. b4 Bc8 23. Bb3 Nf4 {1-0 (45) Duda,J (2737)-Karjakin,S (2773) chess.com INT 2018}) 16... Bg7 17. Qd2 Qc7 18. Rad1 Rad8 {LiveBook: 4 Games} 19. dxe5 $146 ({Predecessor:} 19. Qc1 Nb6 20. Bb1 Nfd7 21. Nh2 Nf8 22. Ne2 Ne6 23. f4 exf4 24. Nxf4 {0-1 (49) Agdelen,H (2309)-Haznedaroglu,K (2471) Kocaeli 2017}) 19... Nxe5 20. Nxe5 dxe5 21. Qe2 c5 22. Bc1 Qa5 23. Rxd8 Rxd8 24. Bb1 h5 (24... Qxc3 $17 25. Bb2 Qb4 26. Bxe5 Rd2) 25. Qf3 Nh7 26. Nf1 Qb6 ({Black should play} 26... Nf8 $15) 27. Rd1 $11 Rxd1 28. Qxd1 Bf8 29. Be3 Qd6 30. Qxd6 Bxd6 31. Nd2 Nf6 32. Bd3 Kf8 33. f3 Ke8 34. Kf2 Kd7 35. g4 Ke6 36. Kg3 Be7 37. Be2 hxg4 (37... h4+ $5 38. Kg2 Nd7 $11) 38. hxg4 {The position is equal.} Nh7 39. Bd3 g5 40. Kf2 f6 41. Nf1 Nf8 42. Ng3 Nd7 43. Nf5 Bf8 {Precision: White = 31%, Black = 50%.} 1/2-1/2

[Event "IIFL Wealth  4th Mumbai Junior U-13"]
[Site "Mumbai"]
[Date "2019.01.01"]
[Round "3"]
[White "Manish Anto Cristiano F"]
[Black "Nehete Arnav"]
[Result "1-0"]
[WhiteElo "2065"]
[BlackElo "1544"]
[Annotator "NA"]
[PlyCount "27"]
[EventDate "2018.12.30"]
[EventType "swiss"]
[EventCountry "IND"]
[SourceTitle "playchess.com"]
[Source "ChessBase"]
[SourceQuality "1"]
[TimeControl "40/5400+30:1800+30"]

1. Nf3 {[%emt 0:00:00]} Nf6 {[%emt 0:00:00]} 2. g3 {[%emt 0:00:10]} d5 {[%emt 0:00:00]} 3. Bg2 {[%emt 0:00:23]} c6 {[%emt 0:00:24]} 4. O-O {[%emt 0:00:39]} Nbd7 {[%emt 0:00:05]} 5. d4 {[%emt 0:00:29]} e6 {[%emt 0:00:06]} 6. c4 {[%emt 0:00:49]} Be7 {[%emt 0:02:22]} 7. Nbd2 {[%emt 0:00:17]} O-O {[%emt 0:00:06]} 8. Qc2 {[%emt 0:01:40]} b6 {[%emt 0:00:49]} 9. e4 {[%emt 0:08:54]} Bb7 {[%emt 0:00:02]} 10. e5 {[%emt 0:03:24]} Ne8 {[%emt 0:00:37]} 11. cxd5 {[%emt 0:00:39]} cxd5 {[%emt 0:00:07]} 12. Nb1 $14 {[%emt 0:17:04]} Rc8 {[%emt 0:02:31]} 13. Qd3 {[%emt 0:00:31]} Nc7 {[%emt 0:00:23]} 14. Re1 {[%emt 0:01:24]} 1-0

[Event "IIFL Wealth  4th Mumbai Junior U-13"]
[Site "Mumbai"]
[Date "2019.01.01"]
[Round "3"]
[White "Shah Jeet"]
[Black "Marium Fatima"]
[Result "1-0"]
[WhiteElo "1904"]
[BlackElo "1494"]
[Annotator "NA RC"]
[PlyCount "101"]
[EventDate "2018.12.30"]
[EventType "swiss"]
[EventCountry "IND"]
[SourceTitle "playchess.com"]
[Source "ChessBase"]
[SourceQuality "1"]
[TimeControl "40/5400+30:1800+30"]

1. e4 {[%emt 0:00:00]} e6 {[%emt 0:00:00]} 2. d4 {[%emt 0:00:05]} d5 {[%emt 0:00:00]} 3. Nc3 {[%emt 0:00:07]} Nf6 {[%emt 0:00:00]} 4. Bg5 {[%emt 0:00:30]} Be7 {[%emt 0:00:00]} 5. e5 {[%emt 0:00:11]} Nfd7 {[%emt 0:00:03]} 6. Bxe7 {[%emt 0:00:06]} Qxe7 {[%emt 0:00:11]} 7. f4 {[%emt 0:01:51]} O-O {[%emt 0:00:14]} 8. Nf3 {[%emt 0:04:19]} a6 {[%emt 0:01:48]} 9. Bd3 {[%emt 0:01:36] C14: French: Classical System: 4 Bg5 Be7 main line} h6 {[%emt 0:01:01]} 10. O-O {[%emt 0:09:14]} c5 {[%emt 0:00:08]} 11. Qe1 {[%emt 0:02:36]} cxd4 {[%emt 0:05:38]} 12. Nxd4 {[%emt 0:00:54]} Qb4 $146 {[%emt 0:00:50]} ({Predecessor:} 12... Nc6 13. Qe3 Nxd4 14. Qxd4 Qc5 15. Ne2 Qxd4+ 16. Nxd4 Nc5 {½-½ (27) Korchut,A (2061)-Machado,M (2064) ICCF email 2012}) 13. Qe3 {[%emt 0:06:23]} Nc5 {[%emt 0:07:00]} 14. f5 {[%emt 0:08:00]} Nc6 {[%emt 0:02:41]} 15. Nxc6 {[%emt 0:02:40]} bxc6 {[%emt 0:00:12]} 16. f6 {[%emt 0:01:40]} g5 $2 {[%emt 0:06:30]} (16... Nxd3 17. fxg7 (17. cxd3 d4 $16) 17... Kxg7) 17. Qh3 {[%emt 0:07:10]} Qh4 {[%emt 0:00:14]} 18. Qxh4 {[%emt 0:00:33]} gxh4 {[%emt 0:00:08]} 19. Rf4 {[%emt 0:00:32]} Nxd3 {[%emt 0:01:57]} 20. cxd3 {[%emt 0:00:01]} Kh7 {[%emt 0:01:04]} 21. Rxh4 {[%emt 0:01:00]} Rg8 {[%emt 0:01:11]} 22. Rf1 {[%emt 0:02:41]} Bb7 $2 {[%emt 0:01:03]} (22... Rg5 23. Rf3 h5) 23. Rf3 {[%emt 0:00:35]} Rg6 {[%emt 0:05:45]} 24. Rfh3 {[%emt 0:00:38]} Rh8 {[%emt 0:10:15]} 25. Ne2 {[%emt 0:01:56]} Kg8 {[%emt 0:00:38]} 26. Rb4 {[%emt 0:02:41]} Bc8 {[%emt 0:01:01]} 27. Rb8 {[%emt 0:00:38]} Kh7 {[%emt 0:00:13]} 28. Nd4 {[%emt 0:02:36]} c5 {[%emt 0:00:53]} 29. Nc6 {[%emt 0:02:47]} Rgg8 {[%emt 0:08:36]} 30. Ne7 {[%emt 0:00:09]} Re8 {[%emt 0:01:32]} 31. Rg3 {[%emt 0:00:17]} Rhf8 {[%emt 0:00:43]} 32. Rg7+ {[%emt 0:01:42]} ({Not} 32. Nxc8 h5 $18) ({Weaker is} 32. Rxc8 Rxc8 33. Nxc8 Rxc8 $18) 32... Kh8 {[%emt 0:00:10]} 33. Nxc8 {[%emt 0:01:48]} Rxc8 {[%emt 0:00:25]} 34. Rxc8 {[%emt 0:00:05]} Rxc8 {[%emt 0:00:07]} 35. Rxf7 {[%emt 0:00:04]} c4 {[%emt 0:00:11]} 36. dxc4 {[%emt 0:00:22]} dxc4 {[%emt 0:01:16]} 37. Re7 {[%emt 0:00:15]} Kg8 {[%emt 0:00:15]} 38. Rxe6 {[%emt 0:04:13]} Kf7 {[%emt 0:00:28]} 39. Rxa6 {[%emt 0:01:30]} Re8 {[%emt 0:02:21]} 40. Ra7+ {[%emt 0:00:00]} Kf8 {[%emt 0:00:00] [#]} 41. Re7 $1 {[%emt 0:00:59]} Rb8 {[%emt 0:00:45]} 42. Rh7 {[%emt 0:01:48]} Rb6 $18 {[%emt 0:00:29]} 43. Rxh6 {[%emt 0:00:36]} Kf7 {[%emt 0:01:21]} 44. Rh7+ {[%emt 0:00:14]} Kf8 {[%emt 0:00:11]} 45. g4 {[%emt 0:00:31]} Re6 {[%emt 0:00:23]} 46. Re7 {[%emt 0:00:07]} Rb6 {[%emt 0:00:14]} 47. e6 {[%emt 0:00:51]} Rxb2 {[%emt 0:02:02]} 48. Rh7 {[%emt 0:00:22]} Kg8 {[%emt 0:00:08]} 49. e7 {[%emt 0:00:57]} Rb8 {[%emt 0:00:37]} 50. f7+ {[%emt 0:00:10]} Kxh7 51. e8=Q {[%emt 0:00:15]} 1-0

[Event "IIFL Wealth  4th Mumbai Junior U-13"]
[Site "Mumbai"]
[Date "2019.01.01"]
[Round "3"]
[White "Jain Kashish Manoj"]
[Black "Balkawade Sai"]
[Result "1-0"]
[WhiteElo "1853"]
[BlackElo "1482"]
[Annotator "NA RC"]
[PlyCount "79"]
[EventDate "2018.12.30"]
[EventType "swiss"]
[EventCountry "IND"]
[SourceTitle "playchess.com"]
[Source "ChessBase"]
[SourceQuality "1"]
[TimeControl "40/5400+30:1800+30"]

{[%evp 17,73,-22,32767,32767,36,30,68,32767,32767,32767,32767,32767,43,46,32767,32767,32767,37,43,48,32767,32767,32767,32767,32767,32767,32767,32767,74,83,100,103,174,184,189,-85,201,211,209,219,228,185,264,243,289,233,246,226,222,241,255,251,263,32767,32767,32767,32767,290]} 1. Nf3 {[%emt 0:00:00]} Nf6 {[%emt 0:00:00]} 2. g3 {[%emt 0:00:00]} d5 {[%emt 0:00:18]} 3. Bg2 {[%emt 0:00:00]} c6 {[%emt 0:01:46]} 4. O-O {[%emt 0:00:00]} Bg4 {[%emt 0:01:24]} 5. d3 {[%emt 0:00:39]} Nbd7 {[%emt 0:00:47]} 6. Nbd2 {[%emt 0:00:10]} e5 {[%emt 0:01:47]} 7. e4 {[%emt 0:00:15]} Bd6 {[%emt 0:01:22]} 8. h3 {[%emt 0:01:55]} Bh5 {[%emt 0:00:55]} 9. Qe1 {[%emt 0:08:48]} dxe4 {[%emt 0:07:49] A07: Réti Opening: New York and Capablanca Systems} (9... O-O 10. Nh4 Re8 11. a4 Nc5 12. a5 a6 13. Kh1 Ne6 14. Nb3 Qc7 15. Be3 Bf8 16. f4 c5 17. fxe5 Qxe5 18. Rf5 Qxb2 19. e5 Bg6 20. exf6 Bxf5 21. Nxf5 Qxf6 22. Qf2 Qd8 23. Rf1 Qd7 24. Nxc5 Bd6 25. Nxd7 {1-0 (25) Le,Q (2715)-Dreev,A (2649) chess.com INT 2018}) 10. dxe4 {[%emt 0:00:22]} O-O {[%emt 0:00:59]} 11. Nh4 {[%emt 0:04:55] LiveBook: 10 Games} Bg6 {[%emt 0:01:55]} 12. a4 $146 {[%emt 0:07:47]} ({Predecessor:} 12. Nc4 Be7 13. Qe2 b5 14. Nd2 a5 15. Nf5 Bxf5 16. exf5 Rc8 17. a4 Qb6 18. Nb3 bxa4 19. Rxa4 {1-0 (41) Habibi,A (2305)-Roos,C (2180) Budapest 1993}) 12... Qe7 {[%emt 0:03:20]} 13. Qe2 {[%emt 0:01:22]} Rfd8 {[%emt 0:07:08]} 14. Nc4 {[%emt 0:05:04]} Nc5 {[%emt 0:09:38]} 15. b4 {[%emt 0:06:54]} Ne6 {[%emt 0:10:22]} 16. c3 {[%emt 0:00:12]} Bc7 {[%emt 0:09:13]} 17. Nxg6 {[%emt 0:07:56]} hxg6 {[%emt 0:00:56]} 18. Be3 {[%emt 0:00:07]} b5 {[%emt 0:15:51]} 19. axb5 {[%emt 0:00:58]} cxb5 {[%emt 0:00:08]} 20. Na5 {[%emt 0:02:24]} Bxa5 {[%emt 0:01:02]} 21. Rxa5 {[%emt 0:00:17]} a6 {[%emt 0:01:04]} 22. Rfa1 {[%emt 0:00:47]} Qc7 {[%emt 0:06:22]} 23. Rc1 {[%emt 0:25:18]} ({Much worse is} 23. Rxa6 Rxa6 24. Rxa6 Qxc3 $11) 23... Rd6 {[%emt 0:10:18]} 24. c4 {[%emt 0:03:51]} Rc6 {[%emt 0:01:33]} (24... Nd4 $16 25. Qa2 bxc4) 25. c5 {[%emt 0:00:11]} Rd8 {[%emt 0:01:10]} 26. Rd1 $2 {[%emt 0:01:04]} (26. Rca1 $18) 26... Kf8 $2 {[%emt 0:01:06]} (26... Rxd1+ $1 $15 {stays ahead.} 27. Qxd1 Nxc5) 27. Ra2 {[%emt 0:00:42]} Rxd1+ {[%emt 0:01:52]} 28. Qxd1 {[%emt 0:00:01]} Qc8 {[%emt 0:01:36]} 29. f3 {[%emt 0:02:23]} Ke7 {[%emt 0:01:00]} (29... g5 $142 30. Qa1 Nd7) 30. h4 {[%emt 0:00:31]} Qc7 {[%emt 0:00:33]} 31. Bh3 {[%emt 0:00:35]} Qc8 {[%emt 0:00:53]} 32. Rd2 {[%emt 0:02:21]} Qc7 {[%emt 0:00:16]} 33. Kg2 {[%emt 0:00:30]} a5 {[%emt 0:00:25]} 34. Bxe6 {[%emt 0:03:17]} Rxe6 {[%emt 0:00:43]} 35. bxa5 {[%emt 0:01:32]} Qxa5 {[%emt 0:00:11]} 36. Rd6 {[%emt 0:00:33]} Qc7 {[%emt 0:00:27] [#]} 37. Rb6 $18 {[%emt 0:01:39]} Rxb6 {[%emt 0:00:40]} 38. cxb6 {[%emt 0:00:01]} Qc6 {[%emt 0:00:32]} 39. Qa1 {[%emt 0:00:21]} Qb7 {[%emt 0:01:20]} 40. Qa7 {[%emt 0:00:00]} 1-0

[Event "IIFL Wealth  4th Mumbai Junior U-13"]
[Site "Mumbai"]
[Date "2019.01.01"]
[Round "3"]
[White "Aditya Varun Gampa"]
[Black "Jain, Kushagra"]
[Result "1-0"]
[WhiteElo "1809"]
[BlackElo "1323"]
[Annotator "NA RC"]
[PlyCount "68"]
[EventDate "2018.12.30"]
[EventType "swiss"]
[EventCountry "IND"]
[SourceTitle "playchess.com"]
[Source "ChessBase"]
[SourceQuality "1"]
[TimeControl "40/5400+30:1800+30"]

1. e4 {[%emt 0:00:00]} d6 {[%emt 0:03:03]} 2. d4 {[%emt 0:00:45]} Nf6 {[%emt 0:00:15]} 3. Nc3 {[%emt 0:00:43]} g6 {[%emt 0:00:13]} 4. f4 {[%emt 0:01:16]} Bg7 {[%emt 0:00:14]} 5. Nf3 {[%emt 0:00:19]} c5 {[%emt 0:00:10]} 6. dxc5 {[%emt 0:01:45]} Qa5 {[%emt 0:00:19]} 7. Bd3 {[%emt 0:00:51]} Qxc5 {[%emt 0:00:13]} 8. Qe2 {[%emt 0:00:43]} O-O {[%emt 0:00:42]} 9. Be3 {[%emt 0:00:28]} Qa5 {[%emt 0:00:23]} 10. O-O {[%emt 0:06:19]} Bg4 {[%emt 0:02:25]} 11. h3 {[%emt 0:02:08] LiveBook: 92 Games} Bxf3 {[%emt 0:00:25]} 12. Rxf3 {[%emt 0:03:38]} Nc6 {[%emt 0:00:56]} 13. Raf1 {[%emt 0:01:05] B09: Pirc Defence: Austrian Attack} (13. Rd1 Nd7 14. Bc4 Nc5 15. Bf2 Rac8 16. Kh1 a6 17. e5 b5 18. Bd5 b4 19. Ne4 Nxe4 20. Qxe4 Qc7 {1-0 (29) Sazon,A (2130)-Conterno,D (2148) ICCF email 2011}) 13... Nd7 {[%emt 0:03:02]} 14. Rg3 $146 {[%emt 0:03:27]} ({Predecessor:} 14. Qd2 Nc5 15. a3 Nxd3 16. cxd3 Nd4 17. R3f2 f5 18. Nd5 Qxd2 19. Bxd2 e6 20. Ne3 Nb3 {0-1 (56) Buenafe Moya,J-Lloret,J Spain 1992}) 14... Bxc3 {[%emt 0:05:40]} 15. bxc3 {[%emt 0:00:06]} Qxc3 {[%emt 0:00:52]} 16. h4 Kh8 {[%emt 0:15:34]} 17. h5 {[%emt 0:07:03]} Nf6 {[%emt 0:06:20]} 18. Rh3 {[%emt 0:06:40]} (18. hxg6 $11 fxg6 19. Rh3) 18... gxh5 $2 {[%emt 0:08:23]} (18... Nxh5 $11 19. g4 Nf6) 19. e5 {[%emt 0:07:18]} dxe5 {[%emt 0:07:11]} 20. fxe5 {[%emt 0:01:06]} Nd4 $18 {[%emt 0:04:35]} 21. Qf2 {[%emt 0:04:57]} Ng4 {[%emt 0:00:32]} 22. Bxd4 {[%emt 0:00:57]} Nxf2 {[%emt 0:00:12]} 23. Bxc3 {[%emt 0:00:09]} Nxh3+ {[%emt 0:00:09]} 24. gxh3 {[%emt 0:00:07]} e6 {[%emt 0:03:43]} 25. Bb4 {[%emt 0:00:52]} Rg8+ {[%emt 0:00:09]} 26. Kh2 {[%emt 0:00:07]} Rg7 {[%emt 0:00:19]} 27. Be7 {[%emt 0:00:18]} Kg8 {[%emt 0:01:44]} 28. Bf6 {[%emt 0:00:22]} Rg6 {[%emt 0:00:13]} 29. Bxg6 {[%emt 0:00:19]} hxg6 {[%emt 0:00:08]} 30. Rd1 {[%emt 0:00:12]} Kh7 {[%emt 0:00:41]} 31. Rd8 {[%emt 0:00:16]} Rxd8 {[%emt 0:00:14]} 32. Bxd8 Kg7 {[%emt 0:00:21]} 33. Bf6+ {[%emt 0:00:19]} Kf8 {[%emt 0:00:08]} 34. Kg3 {[%emt 0:00:13]} Ke8 1-0